000 00558nam a2200193Ia 4500
005 20260120131818.0
008 008 260114s9999 xx 000 0 eng d
020 _a9781383008838
037 _aEBOOK
040 _aCRL
_beng
_cCRL
041 _aeng
_2eng
084 _qCRL
100 _aSchiller
_9931492
245 0 _aBloch, Schoenberg, and Bernstein: Assimilating Jewish Music
260 _bOxford University PressOxford University Press
_c2023
856 _uhttps://academic.oup.com/book/48929
942 _cEBOOK
999 _c1523414
_d1523414